Importers of Indian products: West Germany. (Record no. 67576)

MARC details
000 -LEADER
fixed length control field 00881cam a22002651 4500
001 - CONTROL NUMBER
control field sa 66001073
003 - CONTROL NUMBER IDENTIFIER
control field DLC
005 - DATE AND TIME OF LATEST TRANSACTION
control field 20260227112219.0
008 - FIXED-LENGTH DATA ELEMENTS--GENERAL INFORMATION
fixed length control field 861104s1964 ii r 000 0 eng
010 ## - LIBRARY OF CONGRESS CONTROL NUMBER
LC control number sa 66001073
025 ## - OVERSEAS ACQUISITION NUMBER
Overseas acquisition number PL480:I-F-E-167
035 ## - SYSTEM CONTROL NUMBER
System control number (OCoLC)14631632
040 ## - CATALOGING SOURCE
Original cataloging agency DLC
Transcribing agency WaU
Modifying agency WaU
-- DLC
042 ## - AUTHENTICATION CODE
Authentication code premarc
050 00 - LIBRARY OF CONGRESS CALL NUMBER
Classification number HF3563
Item number .I5
110 1# - MAIN ENTRY--CORPORATE NAME
Corporate name or jurisdiction name as entry element India.
Subordinate unit Directorate of Commercial Publicity.
245 10 - TITLE STATEMENT
Title Importers of Indian products: West Germany.
260 ## - PUBLICATION, DISTRIBUTION, ETC.
Place of publication, distribution, etc. [Delhi,
Name of publisher, distributor, etc. Manager of Publications,
Date of publication, distribution, etc. 1964]
300 ## - PHYSICAL DESCRIPTION
Extent 39 p.
Dimensions 24 cm.
500 ## - GENERAL NOTE
General note Cover title: Directory of importers of Indian products in West Germany.
651 #0 - SUBJECT ADDED ENTRY--GEOGRAPHIC NAME
Geographic name Germany (West)
General subdivision Commerce
Form subdivision Directories.
651 #0 - SUBJECT ADDED ENTRY--GEOGRAPHIC NAME
Geographic name Germany (West)
General subdivision Commerce
Geographic subdivision India.
651 #0 - SUBJECT ADDED ENTRY--GEOGRAPHIC NAME
Geographic name India
General subdivision Commerce
Geographic subdivision Germany (West)
740 0# - ADDED ENTRY--UNCONTROLLED RELATED/ANALYTICAL TITLE
Uncontrolled related/analytical title Directory of importers of Indian products in West Germany.

No items available.

Powered by Koha